| 000 | 00000nam 2200000za 4500 |
| 001 | 9.571968 |
| 003 | CaOODSP |
| 005 | 20210624183004 |
| 007 | cr ||||||||||| |
| 008 | 150406|1999||||xxc|||||o f|0| 0 eng d |
| 040 | |aCaOODSP|beng |
| 043 | |an-cn--- |
| 086 | 1 |aC21-25/8-1999E-PDF |
| 110 | 1 |aCanada. |bIndustry Canada. |
| 245 | 10|aDeterminants of Canadian productivity growth |h[electronic resource] : |bissues and prospects / |cby Richard G. Harris. |
| 260 | |aOttawa : |bIndustry Canada, |cDecember 1999. |
| 300 | |a49 p.|bfigs. (some coloured), graphs |
| 490 | 1 |aDiscussion paper ; |vNo. 8 |
| 500 | |aThe catalogue number (C21-25/8-1999) and ISBN (0-662-64567-7) for the bilingual print edition have been incorrectly copied in this electronic publication. |
| 504 | |aBibliography. |
| 590 | |a11-25-Supp|b2011-10-31 |
| 690 | 07|aEconomic conditions|2gcpds |
| 690 | 07|aProductivity|2gcpds |
| 690 | 07|aStandard of living|2gcpds |
| 720 | 1 |aHarris, Richard |
| 775 | 08|tLes déterminants de la croissance de la productivité canadienne |w(CaOODSP)9.602388 |
| 776 | 0#|tDeterminants of Canadian productivity growth : |w(CaOODSP)9.532894 |
| 776 | 0#|tLes déterminants de la croissance de la productivité canadienne : |w(CaOODSP)9.532895 |
| 830 | #0|aDiscussion paper (Canada. Industry Canada : Online)|vNo. 8|w(CaOODSP)9.504417 |
| 856 | 40|ahttp://publications.gc.ca|qPDF|s407 KB|uhttps://publications.gc.ca/collections/Collection/C21-25-8-1999E.pdf|yNo. 8 |